Sancti Patris Joannis Chrysostomi Archiepiscopi Constantinopolitani Opera Omnia Tomus Octavus

Bibliographic Details
Format: Book
Language:Slovak
Published: Roboreti Sumptibus Francisci Antonii Marchesani...,Francisci Pitteri,... et Petri Antonii Berni... 1759

MARC

LEADER 00000nam a2200000 a 4500
001 vtls001407851
003 SK-MaSNL
005 20260224154730.0
008 180126sm y0 xo r 0 slo
020 |c b.c. 
035 |a SNK000362512 
040 |a SNK  |b slo  |c SNK  |e AACR2 
044 |a xo  |c SK 
245 1 |a Sancti Patris Joannis Chrysostomi Archiepiscopi Constantinopolitani Opera Omnia  |n Tomus Octavus 
260 |a Roboreti  |b Sumptibus Francisci Antonii Marchesani...,Francisci Pitteri,... et Petri Antonii Berni...  |c 1759 
999 |c 1068821  |d 1070751 
952 |t P60, <04>, [BOOK], {604}  |a SNK  |b SNK  |y VYP  |7 0  |o snkIB 57196/8  |i snkF 326/2001  |0 0  |1 0  |4 0  |d 2001-02-21  |l 0  |r 2005-01-02 00:00:00  |w 2026-02-24